000
00292nam a2200121Ia 4500
008
220204s9999 xx 000 0 und d
082
_a
007
_b
RAN
100
_a
RANGASWAMI PARTHASARATHY
245
0
_a
Basic journalism
260
_a
India
_b
Macmillan
_c
1984
650
_a
Journalism
942
_c
BK
999
_c
38417
_d
38417